000 00864cab a2200253 4500
001 WB3440-28
008 090401t1998 xxu||||| |||| 00| 0 eng d
035 _a(Sirsi) u89131
041 _aeng
245 _aNote of optimism in market
260 _c1998
350 _a0
490 _aNegotiator
_v13(21) 16 October 1998, 3(1)
520 _aResearch by Black Horse Agencies suggests that the reported slowdown in the housing market has been exaggerated, however other agencies are less optimistic.
650 _aBLACK HORSE AGENCIES
650 _aECONOMIC OUTLOOK
650 _aHOUSE PRICES
650 _aHOUSING MARKET
650 _aABOUT RICS-RELATED ORGANISATIONS-INCORPORATED SOCIETY OF VALUERS AND AUCTIONEERS
650 _aSLOWDOWN
690 _aPROPERTY-RESIDENTIAL PROPERTY-RESIDENTIAL PROPERTY MARKET
942 _n0
948 _c20/10/1998
999 _c56358
_d56358